000 00750nam a2200217Ii 4500
003 JO-AjNU
008 230605s9999||||xx |||||||||||||| ||und||
020 _a978-977-308-665-7
040 _aJO-AjNU
_bara
_erda
_cJO-AjNU
041 _aara
050 1 4 _aH5549.5.M57.2020
100 3 _aالمعراج، سمير عطيه,
_eauthor
_961890
245 0 0 _aالخطوات الاجرائية واللوجستية للتدريب الاداري
250 _aط1
264 3 1 _a دسوق: دار العلم والايمان للنشر والتوزيع، 2020
300 _a227ص
336 _atext
_btxt
_2rdacontent
337 _aunmediated
_bn
_2rdamedia
338 _avolume
_bnc
_2rdacarrier
650 4 _aالتعليم-تدريب اداري
_961891
999 _aA27998
_c31566
_d31566